LEADER 02992nam 2200709Ia 450 001 9910968890503321 005 20251116151054.0 010 $a9786610088638 010 $a9781280088636 010 $a128008863X 010 $a9780821383728 010 $a0821383728 010 $a9781417573301 010 $a1417573309 024 7 $a10.1596/0-8213-5751-4 035 $a(CKB)1000000000031509 035 $a(EBL)476228 035 $a(OCoLC)727645660 035 $a(SSID)ssj0000086157 035 $a(PQKBManifestationID)11123674 035 $a(PQKBTitleCode)TC0000086157 035 $a(PQKBWorkID)10029567 035 $a(PQKB)11607439 035 $a(Au-PeEL)EBL476228 035 $a(CaPaEBR)ebr10074983 035 $a(CaONFJC)MIL8863 035 $a(MiAaPQ)EBC476228 035 $a(The World Bank)2004059856 035 $a(US-djbf)13733581 035 $a(EXLCZ)991000000000031509 100 $a20040928d2005 uf 0 101 0 $aeng 135 $aurcn||||||||| 181 $ctxt$2rdacontent 182 $cc$2rdamedia 183 $acr$2rdacarrier 200 00$aCustoms modernization handbook /$fedited by Luc de Wulf, Jose B. Sokol 205 $a1st ed. 210 $aWashington, DC $cWorld Bank$d2005 215 $axxiv, 327 pages $cillustrations ;$d28 cm 225 1 $aTrade and development series 300 $aDescription based upon print version of record. 311 1 $a9780821357514 311 1 $a0821357514 320 $aIncludes bibliographical references and index. 327 $aCover; Title Page; Contents; Foreword; Acknowledgments; Abbreviations and Acronyms; Overview; PART 1 Cross-Cutting Issues; PART 2 Lessons from a Select Set of Customs Reform Initiatives; PART 3 Guidelines on Issues that Affect Customs' Operational Trade Facilitation; Index; Back Cover 330 $aTrade integration contributes substantially to economic development and poverty alleviation. In recent years much progress was made to liberalize the trade regime, but customs procedures are often still complex, costly and non-transparent. This situation leads to misallocation of resources. Customs Modernization Handbook provides an overview of the key elements of a successful customs modernization strategy and draws lessons from a number of successful customs reforms as well as from customs reform projects that have been undertaken by the World Bank. It describes a number of key import proced 410 0$aTrade and development series. 606 $aCustoms administration$zDeveloping countries 606 $aInternational trade$zDeveloping countries 615 0$aCustoms administration 615 0$aInternational trade 676 $a352.4/48/091724 701 $aWulf$b Luc de$f1942-$01816664 701 $aSokol$b Jose? B$01816663 801 0$bMiAaPQ 801 1$bMiAaPQ 801 2$bMiAaPQ 906 $aBOOK 912 $a9910968890503321 996 $aCustoms modernization handbook$94372942 997 $aUNINA